[Event "ROM-chT div-A"]
[Site "Mamaia"]
[Date "2019.09.26"]
[Round "6.2"]
[White "Tomescu, Vlad"]
[Black "Ogleznev, Alexandr"]
[Result "1/2-1/2"]
[WhiteElo "2327"]
[BlackElo "2328"]
[PlyCount "42"]
[EventDate "2019.09.21"]
[EventType "team-tourn"]
[EventRounds "9"]
[EventCountry "ROU"]
[SourceTitle "EXT 2020"]
[Source "ChessBase"]
[SourceDate "2019.10.17"]
[SourceVersion "1"]
[SourceVersionDate "2019.10.17"]
[SourceQuality "1"]
[WhiteTeam "Urziceni Viitorul"]
[BlackTeam "Buzau Phoenix"]
[WhiteTeamCountry "ROU"]
[BlackTeamCountry "ROU"]

1. e4 c6 2. d4 d5 3. e5 Bf5 4. Ne2 e6 5. Ng3 Bg6 6. h4 h5 7. c3 c5 8. Qa4+ Nc6 9. Bb5 Qb6 10. Be3 Rc8 11. dxc5 Bxc5 12. Bxc5 Qxc5 13. Nd2 Nge7 14. Nf3 a6 15. Bxc6+ Nxc6 16. 0-0 Qb6 17. Qa3 Na5 18. Qa4+ Nc6 19. Qa3 Na5 20. Qa4+ Nc6 21. Qa3 Na5 1/2-1/2

[Event "ROM-chT div-A"]
[Site "Mamaia"]
[Date "2019.09.25"]
[Round "5.4"]
[White "Ogleznev, Alexandr"]
[Black "Szabo, Gergely Andras"]
[Result "1/2-1/2"]
[WhiteElo "2328"]
[BlackElo "2534"]
[PlyCount "30"]
[EventDate "2019.09.21"]
[EventType "team-tourn"]
[EventRounds "9"]
[EventCountry "ROU"]
[SourceTitle "EXT 2020"]
[Source "ChessBase"]
[SourceDate "2019.10.17"]
[SourceVersion "1"]
[SourceVersionDate "2019.10.17"]
[SourceQuality "1"]
[WhiteTeam "Buzau Phoenix"]
[BlackTeam "Ghiroda Si Giarmata VII"]
[WhiteTeamCountry "ROU"]
[BlackTeamCountry "ROU"]

1. e4 e6 2. d4 d5 3. Nd2 c5 4. exd5 Qxd5 5. dxc5 Nf6 6. Ngf3 Qxc5 7. Bd3 Nbd7 8. 0-0 Qc7 9. a4 Be7 10. Nb3 0-0 11. a5 Nd5 12. c3 N7f6 13. Re1 Rd8 14. Qc2 Bd7 15. Nbd4 a6 1/2-1/2

[Event "ROM-chT div-A"]
[Site "Mamaia"]
[Date "2019.09.22"]
[Round "2.4"]
[White "Chima, Radu Niculin"]
[Black "Ogleznev, Alexandr"]
[Result "0-1"]
[WhiteElo "2041"]
[BlackElo "2328"]
[PlyCount "82"]
[EventDate "2019.09.21"]
[EventType "team-tourn"]
[EventRounds "9"]
[EventCountry "ROU"]
[SourceTitle "EXT 2020"]
[Source "ChessBase"]
[SourceDate "2019.10.17"]
[SourceVersion "1"]
[SourceVersionDate "2019.10.17"]
[SourceQuality "1"]
[WhiteTeam "Bistrita"]
[BlackTeam "Buzau Phoenix"]
[WhiteTeamCountry "ROU"]
[BlackTeamCountry "ROU"]

1. e4 c5 2. Nf3 e6 3. d4 cxd4 4. Nxd4 a6 5. Nc3 Qc7 6. a3 Nc6 7. Nxc6 bxc6 8. Bd3 Nf6 9. 0-0 d5 10. Bg5 Be7 11. exd5 cxd5 12. Re1 Bb7 13. Bh4 0-0 14. Bg3 Bd6 15. Bxd6 Qxd6 16. Qf3 Rfe8 17. Qg3 e5 18. Kh1 Rad8 19. f3 Nh5 20. Qh4 g6 21. Rad1 Nf4 22. Bf1 Qc7 23. Qf2 Kg7 24. g3 Ne6 25. Bg2 d4 26. Na2 f6 27. Nb4 Nc5 28. Kg1 Na4 29. Nd3 Nb6 30. b4 Na4 31. Qd2 Rc8 32. Rc1 Qc3 33. Qf2 Bc6 34. Bh3 Rc7 35. Ra1 Bb5 36. Rec1 Bxd3 37. cxd3 Qxc1+ 38. Rxc1 Rxc1+ 39. Kg2 Re7 40. g4 Rec7 41. Qh4 R7c2+ 0-1

[Event "ROM-chT"]
[Site "Sovata"]
[Date "2018.12.02"]
[Round "9.2"]
[White "Ogleznev, Alexandr"]
[Black "Baklan, Vladimir"]
[Result "0-1"]
[WhiteElo "2333"]
[BlackElo "2605"]
[PlyCount "72"]
[EventDate "2018.11.24"]
[EventType "team-tourn"]
[EventRounds "9"]
[EventCountry "ROU"]
[SourceTitle "CBM 187 Extra"]
[Source "ChessBase"]
[SourceDate "2018.11.04"]
[SourceVersion "1"]
[SourceVersionDate "2018.11.04"]
[SourceQuality "1"]
[WhiteTeam "Buzau Phoenix"]
[BlackTeam "Timisoara Medicina"]
[WhiteTeamCountry "ROU"]
[BlackTeamCountry "ROU"]

1. e4 e6 2. d4 d5 3. Nd2 Be7 4. Bd3 c5 5. dxc5 Nf6 6. Qe2 0-0 7. Ngf3 a5 8. 0-0 Na6 9. e5 Nd7 10. c3 Naxc5 11. Bc2 b5 12. Re1 b4 13. Nd4 Ba6 14. Qf3 Rc8 15. Qh3 g6 16. Nf1 bxc3 17. bxc3 Qc7 18. Bf4 Bxf1 19. Kxf1 Ne4 20. Bxe4 dxe4 21. Rxe4 Qc4+ 22. Re2 Nb6 23. Bd2 Rfd8 24. Qf3 Nd5 25. Kg1 Nxc3 26. Bxc3 Qxc3 27. Qxc3 Rxc3 28. Nf3 a4 29. h4 h6 30. Rb1 a3 31. Kf1 Kf8 32. Ke1 Rc4 33. Re3 Rdc8 34. Kd1 Rc2 35. Rb8 Rxb8 36. Kxc2 Rb2+ 0-1

[Event "ROM-chT"]
[Site "Sovata"]
[Date "2018.11.29"]
[Round "6.5"]
[White "Ogleznev, Alexandr"]
[Black "Svetushkin, Dmitry"]
[Result "0-1"]
[WhiteElo "2333"]
[BlackElo "2605"]
[PlyCount "128"]
[EventDate "2018.11.24"]
[EventType "team-tourn"]
[EventRounds "9"]
[EventCountry "ROU"]
[SourceTitle "CBM 187 Extra"]
[Source "ChessBase"]
[SourceDate "2018.11.04"]
[SourceVersion "1"]
[SourceVersionDate "2018.11.04"]
[SourceQuality "1"]
[WhiteTeam "Buzau Phoenix"]
[BlackTeam "Iasi Politehnica"]
[WhiteTeamCountry "ROU"]
[BlackTeamCountry "ROU"]

1. e4 e5 2. Nf3 Nc6 3. Bb5 a6 4. Ba4 b5 5. Bb3 g6 6. 0-0 Bg7 7. c3 Nge7 8. d4 exd4 9. cxd4 0-0 10. d5 Na5 11. Bd2 c5 12. d6 Nec6 13. Bc3 Nxb3 14. axb3 Bb7 15. Bxg7 Kxg7 16. Nc3 Nb4 17. Re1 Re8 18. Qd2 Qf6 19. Rad1 h6 20. Re3 Re6 21. Rde1 Qf4 22. Rd1 Rae8 23. Ne2 Qf6 24. e5 Qf5 25. Ng3 Qc2 26. Qxc2 Nxc2 27. Rc3 Nd4 28. Nxd4 cxd4 29. Rc7 Bc6 30. f4 f6 31. Ne2 fxe5 32. fxe5 Rxe5 33. Nxd4 Rd5 34. Rc1 Rxd4 35. R1xc6 Re2 36. Rxd7+ Kf6 37. h3 Rdd2 38. Rh7 Rxg2+ 39. Kf1 Rh2 40. d7+ Kf5 41. Rf7+ Kg5 42. Kg1 Rxh3 43. Rff6 Rxd7 44. Rxg6+ Kf4 45. Rxa6 Rxb3 46. Raf6+ Ke4 47. Re6+ Kd5 48. Re2 Rh7 49. Rd2+ Kc5 50. Rc2+ Kb4 51. Rg4+ Ka5 52. Rh4 Re3 53. Kf2 Re5 54. Rc6 Rf7+ 55. Kg3 Rg5+ 56. Kh3 Rf3+ 57. Kh2 h5 58. Rc2 Rd3 59. Re4 Rgd5 60. Ree2 Ka4 61. Kg2 Kb3 62. Kf2 h4 63. Kg2 Rg3+ 64. Kh2 Rdd3 0-1

[Event "MDA-ch"]
[Site "Kishinev"]
[Date "2017.02.05"]
[Round "9"]
[White "Ogleznev, Alexandr"]
[Black "Morozov, Nichita"]
[Result "1/2-1/2"]
[WhiteElo "2313"]
[BlackElo "2406"]
[PlyCount "62"]
[EventDate "2017.01.28"]
[EventType "tourn"]
[EventRounds "9"]
[EventCountry "MDA"]
[EventCategory "7"]
[SourceTitle "CBM 176 Extra"]
[Source "ChessBase"]
[SourceDate "2017.03.02"]
[SourceVersion "1"]
[SourceVersionDate "2017.03.02"]
[SourceQuality "1"]

1. e4 e5 2. Nf3 Nc6 3. Bb5 a6 4. Ba4 Nf6 5. 0-0 Be7 6. Re1 b5 7. Bb3 0-0 8. h3 d6 9. c3 Na5 10. Bc2 c5 11. d4 Nd7 12. Nbd2 exd4 13. cxd4 Nc6 14. Nf1 cxd4 15. Nxd4 Nxd4 16. Qxd4 Ne5 17. Qd1 Bf6 18. Ne3 Nc4 19. Nxc4 bxc4 20. Rb1 Be6 21. Bd2 Rb8 22. Qc1 Be5 23. Bc3 Qh4 24. Rd1 Rb6 25. Qe3 Rfb8 26. Bxe5 dxe5 27. Qc3 Qg5 28. b3 cxb3 29. Bxb3 g6 30. g3 h5 31. h4 Qf6 1/2-1/2

[Event "MDA-ch"]
[Site "Kishinev"]
[Date "2017.02.04"]
[Round "8"]
[White "Hamitevici, Vladimir"]
[Black "Ogleznev, Alexandr"]
[Result "1/2-1/2"]
[WhiteElo "2479"]
[BlackElo "2313"]
[PlyCount "88"]
[EventDate "2017.01.28"]
[EventType "tourn"]
[EventRounds "9"]
[EventCountry "MDA"]
[EventCategory "7"]
[SourceTitle "CBM 176 Extra"]
[Source "ChessBase"]
[SourceDate "2017.03.02"]
[SourceVersion "1"]
[SourceVersionDate "2017.03.02"]
[SourceQuality "1"]

1. b3 Nf6 2. g3 d5 3. Bb2 e6 4. Bg2 Bd6 5. d3 0-0 6. Nd2 e5 7. e4 c6 8. Ngf3 Re8 9. 0-0 Bg4 10. h3 Bh5 11. Qe1 Nbd7 12. Nh4 dxe4 13. dxe4 Bc5 14. Kh1 Qc7 15. f4 exf4 16. gxf4 Bg6 17. Qg3 Nh5 18. Qf3 Qd8 19. Nxg6 hxg6 20. Kh2 f5 21. Rad1 Qh4 22. b4 Bb6 23. Nc4 Ndf6 24. Nxb6 axb6 25. Bxf6 Qxf6 26. e5 Qf7 27. b5 cxb5 28. Qxb7 Qxb7 29. Bxb7 Ra4 30. Bc6 Rc8 31. Bd5+ Kf8 32. Bb3 Rxf4 33. Rxf4 Nxf4 34. Rd4 g5 35. Rd7 Rc3 36. Rf7+ Ke8 37. Rxf5 Rxh3+ 38. Kg1 Re3 39. Kf2 g6 40. Rf6 Rxe5 41. Rxb6 Ke7 42. Kf3 Ne6 43. c3 Nf4 44. c4 bxc4 1/2-1/2